| 000 | 00704nam a2200205Ia 4500 | ||
|---|---|---|---|
| 003 | GCL | ||
| 008 | 140319s9999 xx 000 0 ara d | ||
| 040 |
_aGCL / _cGCL |
||
| 082 | 0 | 4 |
_a928.1 _bخ ر |
| 100 | 1 | _aالخفاجى , شهاب الدين احمد بن م | |
| 245 | 1 | 0 |
_aريحانة الالبا وزهرة الحياة الدنيا / _cالخفاجى , شهاب الدين احمد بن م |
| 700 | 1 | _aعبدالفتاح محمد الحلو | |
| 260 |
_a[S.N] : _bمطبعة عيسى البابى الحلبى ، _c1967 |
||
| 490 | _a | ||
| 650 | 0 | 4 | _aالشعر العربى |
| 650 | 0 | 4 | _aالادب العربى |
| 650 | 0 | 4 | _aالادب |
| 650 | 0 | 4 | _aالشعراء |
| 942 |
_2ddc _cBK |
||
| 999 |
_c58794 _d58794 |
||